| 000 | 01173cam a22002897a 4500 | ||
|---|---|---|---|
| 999 |
_c15845 _d15845 |
||
| 003 | EG-ScBUE | ||
| 005 | 20200119103008.0 | ||
| 008 | 110815s2006 jo a f b 000 0aara d | ||
| 020 | _a9957462113 | ||
| 040 |
_aEG-ScBUE _bara _erda _cEG-ScBUE _dEG-ScBUE |
||
| 082 | 0 | 4 |
_a892.70995695 _bج ر ا _222 |
| 100 | 1 |
_aجرار، حسني أدهم، _d1933- _eمؤلف. _926733 |
|
| 245 | 1 | 0 |
_aذكريات الوطن والغربة / _cحسني أدهم جرار. |
| 250 | _aالطبعة الأولى. | ||
| 264 | 1 |
_aعمان، الأردن : _bدار المأمون للنشر والتوزيع : _bمؤسسة الزيتونة للنشر، _c2006. |
|
| 300 |
_a224 صفحة : _bإيضاحيات ؛ _c24 سم |
||
| 336 |
_2rdacontent _aنص _btxt |
||
| 337 |
_2rdamedia _aبدون وسيط _bn |
||
| 338 |
_2rdacarrier _aمجلد _bnc |
||
| 504 | _aيشتمل على إرجاعات ببليوجرافية. | ||
| 590 | _ashefaa ibrahem | ||
| 600 | 1 | 7 |
_aجرار، حسني أدهم، _d1933- _xالمذكرات. _2BUEsh |
| 650 | 7 |
_aالأدب العربي _zالأردن _vتراجم. _2BUEsh _926739 |
|
| 653 |
_bARALIT _cJuly2019 |
||
| 655 | _vReading book | ||
| 942 |
_2ddc _cBB |
||